000 00525nam a22001457a 4500
999 _c531575
_d531575
003 NUST
008 191018b ||||| |||| 00| 0 eng d
038 _aNusrat Nadeem
082 _a004 SAB
100 _aIftkhar Saba
_924433
245 _aMS/Thesis:3D-QSAR Guided Design, Biological Evaluation and Lead Optimization of Promising Inhibitors of the Multidrug Resistance Transporter P-glycoprotein (P-gp)
_cSaba Iftkhar
260 _aIslamabad
_bRCMS NUST
_c2019
700 _4Dr. Ishrat Jabeen(Supervisor)
942 _2ddc
_cTHE